000 00260nam a2200109Ia 4500
008 190216s9999||||xx |||||||||||||| ||und||
100 _aSoran Son
245 0 _aManashashthram Vidyabyasathil
260 _bBhasha Institute
650 _aPhysicology
942 _cBK
999 _c37898
_d37898